[Event "DEM U18 2022"]
[Site "Willingen GER"]
[Date "2022.06.05"]
[Round "2"]
[White "Weihrauch, Jakob"]
[Black "Kölle, Tobias"]
[Result "1/2-1/2"]
[Termination "normal"]
[Board "1"]
[BlackTitle "FM"]
[WhiteElo "2151"]
[BlackElo "2443"]
[WhiteClock "00:13:42"]
[BlackClock "00:07:49"]
[PlyCount "52"]
[WhiteFideId "16210115"]
[BlackFideId "16207378"]
[EventCountry "GER"]
[EventRounds "9"]
[EventType "swiss"]
[EventDate "2022.06.04"]

1. e4 {[%clk 1:30:57]} c5 {[%clk 1:30:56]} 2. Nf3 {[%clk 1:31:22]} Nc6 {[%clk
1:31:22]} 3. d4 {[%clk 1:31:47]} cxd4 {[%clk 1:31:48]} 4. Nxd4 {[%clk 1:32:13]}
e5 {[%clk 1:32:12]} 5. Nb5 {[%clk 1:32:24]} d6 {[%clk 1:32:38]} 6. c4 {[%clk
1:31:01]} Be6 {[%clk 1:32:56]} 7. N1c3 {[%clk 1:29:48]} a6 {[%clk 1:33:18]} 8.
Na3 {[%clk 1:30:15]} g6 {[%clk 1:33:45]} 9. Nc2 {[%clk 1:27:02]} Bg7 {[%clk
1:34:01]} 10. Nd5 {[%clk 1:19:43]} Nf6 {[%clk 1:28:37]} 11. Bg5 {[%clk
1:07:15]} Bxd5 {[%clk 1:23:22]} 12. cxd5 {[%clk 0:59:39]} Ne7 {[%clk 1:23:41]}
13. Bxf6 {[%clk 0:49:32]} Bxf6 {[%clk 1:24:09]} 14. h4 {[%clk 0:49:55]} Qb6
{[%clk 1:21:21]} 15. Qf3 {[%clk 0:42:58]} Bg7 {[%clk 1:17:41]} 16. O-O-O {[%clk
0:42:33]} f5 {[%clk 1:09:39]} 17. Bd3 {[%clk 0:29:13]} O-O {[%clk 1:06:27]} 18.
Qe3 {[%clk 0:27:04]} Nc8 {[%clk 0:57:40]} 19. h5 {[%clk 0:22:45]} Qxe3+ {[%clk
0:56:10]} 20. Nxe3 {[%clk 0:21:49]} Ne7 {[%clk 0:49:44]} 21. hxg6 {[%clk
0:20:16]} hxg6 {[%clk 0:49:54]} 22. f3 {[%clk 0:20:24]} fxe4 {[%clk 0:42:22]}
23. fxe4 {[%clk 0:19:37]} Bf6 {[%clk 0:28:01]} 24. Kd2 {[%clk 0:17:00]} Bg5
{[%clk 0:26:02]} 25. Ke2 {[%clk 0:17:05]} Rf7 {[%clk 0:15:02]} 26. Rdf1 {[%clk
0:13:42]} Bxe3 {[%clk 0:07:49]} 1/2-1/2

[Event "DEM U18 2022"]
[Site "Willingen GER"]
[Date "2022.06.05"]
[Round "2"]
[White "Geltz, Noah"]
[Black "Fromm, Marius"]
[Result "0-1"]
[Termination "normal"]
[Board "2"]
[BlackTitle "FM"]
[WhiteElo "2156"]
[BlackElo "2336"]
[WhiteClock "00:04:32"]
[BlackClock "00:15:40"]
[PlyCount "70"]
[WhiteFideId "16224256"]
[BlackFideId "12993190"]
[EventCountry "GER"]
[EventRounds "9"]
[EventType "swiss"]
[EventDate "2022.06.04"]

1. e4 {[%clk 1:30:57]} c5 {[%clk 1:30:58]} 2. Nf3 {[%clk 1:31:19]} e6 {[%clk
1:31:22]} 3. b3 {[%clk 1:31:39]} a6 {[%clk 1:31:37]} 4. Bb2 {[%clk 1:31:48]}
Nc6 {[%clk 1:31:51]} 5. c4 {[%clk 1:31:20]} Qc7 {[%clk 1:32:02]} 6. g3 {[%clk
1:31:36]} Nf6 {[%clk 1:31:44]} 7. e5 {[%clk 1:31:58]} Ng4 {[%clk 1:29:49]} 8.
Bg2 {[%clk 1:32:17]} Ngxe5 {[%clk 1:22:12]} 9. Nxe5 {[%clk 1:32:33]} Nxe5
{[%clk 1:22:39]} 10. O-O {[%clk 1:32:51]} Nc6 {[%clk 1:18:43]} 11. Qg4 {[%clk
1:12:47]} h5 {[%clk 1:14:15]} 12. Qe4 {[%clk 1:01:31]} Nd4 {[%clk 1:05:22]} 13.
Bxd4 {[%clk 0:54:08]} cxd4 {[%clk 1:05:48]} 14. Qxd4 {[%clk 0:54:28]} Qc5
{[%clk 0:54:30]} 15. Qb2 {[%clk 0:51:32]} h4 {[%clk 0:54:51]} 16. Re1 {[%clk
0:40:59]} hxg3 {[%clk 0:53:55]} 17. hxg3 {[%clk 0:41:24]} Rb8 {[%clk 0:48:22]}
18. Re5 {[%clk 0:37:12]} Qa7 {[%clk 0:47:24]} 19. d4 {[%clk 0:33:55]} Be7
{[%clk 0:47:47]} 20. Nc3 {[%clk 0:23:33]} Qxd4 {[%clk 0:46:05]} 21. Re4 {[%clk
0:22:47]} Qf6 {[%clk 0:41:20]} 22. Rf4 {[%clk 0:21:23]} Qh6 {[%clk 0:36:00]}
23. Ne4 {[%clk 0:20:19]} g5 {[%clk 0:27:04]} 24. Nf6+ {[%clk 0:17:56]} Kf8
{[%clk 0:26:18]} 25. Rf3 {[%clk 0:17:07]} Qg7 {[%clk 0:26:02]} 26. Qd4 {[%clk
0:15:37]} b6 {[%clk 0:19:46]} 27. Rd1 {[%clk 0:15:50]} d6 {[%clk 0:16:56]} 28.
Qd2 {[%clk 0:12:11]} Qg6 {[%clk 0:16:15]} 29. Ne4 {[%clk 0:10:27]} Bb7 {[%clk
0:16:38]} 30. Re3 {[%clk 0:06:33]} Qh5 {[%clk 0:16:01]} 31. Qd4 {[%clk
0:05:07]} e5 {[%clk 0:15:13]} 32. Qd3 {[%clk 0:03:44]} f5 {[%clk 0:15:39]} 33.
Rf3 {[%clk 0:03:56]} g4 {[%clk 0:15:23]} 34. Nf6 {[%clk 0:04:16]} Qh2+ {[%clk
0:15:37]} 35. Kf1 {[%clk 0:04:32]} Qxg2+ {[%clk 0:15:40]} 0-1

[Event "DEM U18 2022"]
[Site "Willingen GER"]
[Date "2022.06.05"]
[Round "2"]
[White "Bornholdt, Joa Max"]
[Black "Hinrichs, Paul"]
[Result "0-1"]
[Termination "normal"]
[Board "3"]
[WhiteElo "2132"]
[BlackElo "2225"]
[WhiteClock "00:07:45"]
[BlackClock "00:40:24"]
[PlyCount "112"]
[WhiteFideId "16253477"]
[BlackFideId "12942545"]
[EventCountry "GER"]
[EventRounds "9"]
[EventType "swiss"]
[EventDate "2022.06.04"]

1. d4 {[%clk 1:30:36]} d5 {[%clk 1:30:53]} 2. c4 {[%clk 1:30:54]} c6 {[%clk
1:31:18]} 3. Nf3 {[%clk 1:31:12]} Nf6 {[%clk 1:31:41]} 4. Nbd2 {[%clk 1:30:39]}
e6 {[%clk 1:31:07]} 5. g3 {[%clk 1:30:06]} Bd6 {[%clk 1:25:35]} 6. Bg2 {[%clk
1:30:05]} Nbd7 {[%clk 1:24:04]} 7. O-O {[%clk 1:29:53]} h6 {[%clk 1:20:50]} 8.
Qc2 {[%clk 1:29:00]} b5 {[%clk 1:17:15]} 9. e4 {[%clk 1:16:37]} dxe4 {[%clk
1:12:33]} 10. Nxe4 {[%clk 1:16:59]} Nxe4 {[%clk 1:12:46]} 11. Qxe4 {[%clk
1:17:23]} Rb8 {[%clk 1:12:24]} 12. c5 {[%clk 1:12:02]} Bc7 {[%clk 1:06:53]} 13.
b4 {[%clk 0:56:33]} a5 {[%clk 1:00:59]} 14. Ne5 {[%clk 0:51:36]} Nxe5 {[%clk
0:59:15]} 15. dxe5 {[%clk 0:51:59]} O-O {[%clk 0:56:07]} 16. Bf4 {[%clk
0:41:24]} axb4 {[%clk 0:54:29]} 17. Rfd1 {[%clk 0:39:20]} Qe7 {[%clk 0:49:14]}
18. Be3 {[%clk 0:39:27]} Bb7 {[%clk 0:49:07]} 19. f4 {[%clk 0:37:55]} Rfd8
{[%clk 0:45:18]} 20. Qxb4 {[%clk 0:37:37]} Rxd1+ {[%clk 0:43:53]} 21. Rxd1
{[%clk 0:38:01]} Ra8 {[%clk 0:41:01]} 22. Qb3 {[%clk 0:36:41]} Rd8 {[%clk
0:30:58]} 23. Ra1 {[%clk 0:27:52]} Qd7 {[%clk 0:29:21]} 24. Be4 {[%clk
0:28:08]} Ba5 {[%clk 0:28:34]} 25. Kg2 {[%clk 0:27:48]} g6 {[%clk 0:26:29]} 26.
Kf3 {[%clk 0:25:32]} Kg7 {[%clk 0:25:19]} 27. h3 {[%clk 0:22:31]} Qe7 {[%clk
0:24:18]} 28. Rd1 {[%clk 0:22:12]} Rd7 {[%clk 0:21:36]} 29. Rd6 {[%clk
0:20:05]} Bc7 {[%clk 0:19:23]} 30. Qc3 {[%clk 0:17:19]} Qd8 {[%clk 0:17:41]}
31. Rxd7 {[%clk 0:12:06]} Qxd7 {[%clk 0:16:50]} 32. Qc2 {[%clk 0:08:41]} Ba5
{[%clk 0:13:21]} 33. Ke2 {[%clk 0:06:04]} h5 {[%clk 0:11:50]} 34. Bd2 {[%clk
0:04:20]} Qxd2+ {[%clk 0:08:03]} 35. Qxd2 {[%clk 0:04:44]} Bxd2 {[%clk
0:08:30]} 36. Kxd2 {[%clk 0:05:04]} Kf8 {[%clk 0:08:58]} 37. Kc3 {[%clk
0:04:47]} Ke7 {[%clk 0:09:26]} 38. Kb4 {[%clk 0:04:45]} Kd7 {[%clk 0:09:54]}
39. Ka5 {[%clk 0:04:43]} Kc7 {[%clk 0:10:22]} 40. Bd3 {[%clk 0:04:53]} Bc8
{[%clk 0:10:36]} 41. a3 {[%clk 0:03:39]} Kb7 {[%clk 0:10:12]} 42. g4 {[%clk
0:01:57]} hxg4 {[%clk 0:10:36]} 43. hxg4 {[%clk 0:02:23]} Ka7 {[%clk 0:10:41]}
44. Bxb5 {[%clk 0:14:56]} cxb5 {[%clk 0:40:53]} 45. c6 {[%clk 0:14:54]} g5
{[%clk 0:36:50]} 46. fxg5 {[%clk 0:15:05]} Ba6 {[%clk 0:37:11]} 47. g6 {[%clk
0:15:01]} fxg6 {[%clk 0:37:39]} 48. g5 {[%clk 0:15:26]} Bc8 {[%clk 0:37:44]}
49. Kxb5 {[%clk 0:15:49]} Kb8 {[%clk 0:37:59]} 50. Kb6 {[%clk 0:13:00]} Bb7
{[%clk 0:38:23]} 51. a4 {[%clk 0:12:38]} Ba8 {[%clk 0:38:35]} 52. a5 {[%clk
0:13:00]} Kc8 {[%clk 0:38:50]} 53. a6 {[%clk 0:09:46]} Kb8 {[%clk 0:39:16]} 54.
c7+ {[%clk 0:08:00]} Kc8 {[%clk 0:39:42]} 55. Ka7 {[%clk 0:07:19]} Bf3 {[%clk
0:40:00]} 56. Kb6 {[%clk 0:07:45]} Be4 {[%clk 0:40:24]} 0-1

[Event "DEM U18 2022"]
[Site "Willingen GER"]
[Date "2022.06.05"]
[Round "2"]
[White "Musiolik, David"]
[Black "von Mettenheim, Johannes"]
[Result "0-1"]
[Termination "normal"]
[Board "4"]
[WhiteElo "2217"]
[BlackElo "2219"]
[WhiteClock "00:09:07"]
[BlackClock "01:02:16"]
[PlyCount "90"]
[WhiteFideId "12972355"]
[BlackFideId "16244818"]
[EventCountry "GER"]
[EventRounds "9"]
[EventType "swiss"]
[EventDate "2022.06.04"]

1. Nf3 {[%clk 1:30:52]} d5 {[%clk 1:30:51]} 2. e3 {[%clk 1:31:11]} Nf6 {[%clk
1:30:56]} 3. c4 {[%clk 1:31:22]} e6 {[%clk 1:31:07]} 4. Nc3 {[%clk 1:31:19]}
Be7 {[%clk 1:30:14]} 5. b3 {[%clk 1:31:31]} O-O {[%clk 1:30:26]} 6. Bb2 {[%clk
1:31:26]} b6 {[%clk 1:24:14]} 7. cxd5 {[%clk 1:31:06]} exd5 {[%clk 1:24:37]} 8.
d4 {[%clk 1:29:53]} Re8 {[%clk 1:22:32]} 9. Ne5 {[%clk 1:14:33]} Bd6 {[%clk
1:20:50]} 10. f4 {[%clk 1:00:21]} c5 {[%clk 1:19:47]} 11. Bb5 {[%clk 0:53:49]}
Re7 {[%clk 1:10:28]} 12. O-O {[%clk 0:53:06]} Bb7 {[%clk 1:10:19]} 13. Bd3
{[%clk 0:44:02]} a6 {[%clk 1:09:48]} 14. Ne2 {[%clk 0:38:25]} Nc6 {[%clk
1:08:56]} 15. Ng3 {[%clk 0:38:22]} Re8 {[%clk 1:04:37]} 16. Nh5 {[%clk
0:33:11]} g6 {[%clk 1:01:12]} 17. Nxf6+ {[%clk 0:32:31]} Qxf6 {[%clk 1:01:36]}
18. Ng4 {[%clk 0:25:41]} Qg7 {[%clk 1:01:54]} 19. f5 {[%clk 0:25:25]} Kh8
{[%clk 0:57:26]} 20. fxg6 {[%clk 0:23:37]} fxg6 {[%clk 0:56:54]} 21. Rf6 {[%clk
0:23:00]} Rad8 {[%clk 0:54:12]} 22. dxc5 {[%clk 0:14:27]} Bxc5 {[%clk 0:51:57]}
23. Rf8+ {[%clk 0:14:15]} Rxf8 {[%clk 0:52:14]} 24. Bxg7+ {[%clk 0:14:41]} Kxg7
{[%clk 0:52:38]} 25. Qd2 {[%clk 0:11:18]} h5 {[%clk 0:51:18]} 26. Nf2 {[%clk
0:07:37]} Rde8 {[%clk 0:50:14]} 27. Re1 {[%clk 0:06:15]} d4 {[%clk 0:49:08]}
28. Qb2 {[%clk 0:06:03]} Nb4 {[%clk 0:39:14]} 29. Bb1 {[%clk 0:02:10]} Kh7
{[%clk 0:38:47]} 30. Nd3 {[%clk 0:01:06]} Nxd3 {[%clk 0:36:04]} 31. Bxd3 {[%clk
0:01:33]} dxe3 {[%clk 0:36:24]} 32. b4 {[%clk 0:00:52]} Rf2 {[%clk 0:36:41]}
33. Re2 {[%clk 0:01:18]} Ref8 {[%clk 0:36:11]} 34. Qb1 {[%clk 0:01:03]} Bd4
{[%clk 0:33:29]} 35. Rxf2 {[%clk 0:00:35]} Rxf2 {[%clk 0:31:31]} 36. Bxg6+
{[%clk 0:00:42]} Kh8 {[%clk 0:31:15]} 37. Qd3 {[%clk 0:00:39]} Rxg2+ {[%clk
0:31:39]} 38. Kf1 {[%clk 0:01:05]} e2+ {[%clk 0:32:03]} 39. Ke1 {[%clk
0:01:28]} Bf6 {[%clk 0:31:49]} 40. Qh3 {[%clk 0:00:42]} Bf3 {[%clk 0:30:20]}
41. Qc8+ {[%clk 0:14:39]} Kg7 {[%clk 1:00:43]} 42. Qd7+ {[%clk 0:14:51]} Kh6
{[%clk 1:01:06]} 43. Qh7+ {[%clk 0:14:05]} Kg5 {[%clk 1:01:30]} 44. h4+ {[%clk
0:10:12]} Kxh4 {[%clk 1:01:53]} 45. Qc7 {[%clk 0:09:07]} Rg1+ {[%clk 1:02:16]}
0-1

[Event "DEM U18 2022"]
[Site "Willingen GER"]
[Date "2022.06.05"]
[Round "2"]
[White "Mankel, Luca"]
[Black "Colbow, Collin"]
[Result "0-1"]
[Termination "normal"]
[Board "5"]
[BlackTitle "FM"]
[WhiteElo "2010"]
[BlackElo "2345"]
[WhiteClock "00:49:34"]
[BlackClock "00:04:48"]
[PlyCount "106"]
[WhiteFideId "16253876"]
[BlackFideId "16201132"]
[EventCountry "GER"]
[EventRounds "9"]
[EventType "swiss"]
[EventDate "2022.06.04"]

1. d4 {[%clk 1:30:54]} Nf6 {[%clk 1:30:47]} 2. c4 {[%clk 1:31:19]} e6 {[%clk
1:31:13]} 3. Nf3 {[%clk 1:31:47]} Bb4+ {[%clk 1:31:17]} 4. Nbd2 {[%clk
1:32:13]} b6 {[%clk 1:30:38]} 5. a3 {[%clk 1:32:25]} Bxd2+ {[%clk 1:30:47]} 6.
Qxd2 {[%clk 1:32:49]} Bb7 {[%clk 1:30:04]} 7. e3 {[%clk 1:32:07]} d6 {[%clk
1:27:57]} 8. Be2 {[%clk 1:32:18]} O-O {[%clk 1:27:00]} 9. O-O {[%clk 1:32:44]}
Nbd7 {[%clk 1:24:30]} 10. b4 {[%clk 1:32:21]} Qe7 {[%clk 1:22:37]} 11. Bb2
{[%clk 1:31:13]} Ne4 {[%clk 1:11:34]} 12. Qc2 {[%clk 1:31:15]} f5 {[%clk
1:07:23]} 13. d5 {[%clk 1:19:52]} exd5 {[%clk 1:03:46]} 14. cxd5 {[%clk
1:18:28]} Ndf6 {[%clk 0:52:06]} 15. Nd4 {[%clk 1:15:35]} Nxd5 {[%clk 0:35:39]}
16. Bc4 {[%clk 1:06:43]} Kh8 {[%clk 0:29:42]} 17. Bxd5 {[%clk 1:05:11]} Bxd5
{[%clk 0:29:23]} 18. f3 {[%clk 1:05:27]} c5 {[%clk 0:27:41]} 19. fxe4 {[%clk
1:04:20]} Bxe4 {[%clk 0:27:46]} 20. Nxf5 {[%clk 1:00:59]} Rxf5 {[%clk 0:27:36]}
21. Qc3 {[%clk 0:57:14]} Qg5 {[%clk 0:18:07]} 22. g3 {[%clk 0:56:12]} Bf3
{[%clk 0:15:47]} 23. Rf2 {[%clk 0:53:51]} Raf8 {[%clk 0:14:25]} 24. Raf1 {[%clk
0:53:13]} Qg4 {[%clk 0:11:05]} 25. Qd2 {[%clk 0:50:30]} Qg6 {[%clk 0:02:49]}
26. bxc5 {[%clk 0:49:18]} bxc5 {[%clk 0:03:07]} 27. Qa5 {[%clk 0:49:32]} h5
{[%clk 0:02:17]} 28. e4 {[%clk 0:44:37]} R5f7 {[%clk 0:02:06]} 29. e5 {[%clk
0:42:56]} h4 {[%clk 0:01:40]} 30. Qc3 {[%clk 0:43:20]} hxg3 {[%clk 0:00:58]}
31. Rxf3 {[%clk 0:43:40]} Rxf3 {[%clk 0:01:10]} 32. Rxf3 {[%clk 0:43:21]} Rxf3
{[%clk 0:01:32]} 33. Qxf3 {[%clk 0:43:46]} Qb1+ {[%clk 0:01:59]} 34. Kg2 {[%clk
0:39:56]} Qxb2+ {[%clk 0:02:26]} 35. Kxg3 {[%clk 0:40:21]} Qxe5+ {[%clk
0:02:52]} 36. Kg4 {[%clk 0:40:13]} d5 {[%clk 0:02:42]} 37. Qf8+ {[%clk
0:40:11]} Kh7 {[%clk 0:03:09]} 38. Qxc5 {[%clk 0:40:35]} Qe4+ {[%clk 0:02:44]}
39. Kg5 {[%clk 0:40:08]} Qg2+ {[%clk 0:02:16]} 40. Kf5 {[%clk 0:40:26]} Qe4+
{[%clk 0:01:07]} 41. Kg5 {[%clk 0:40:54]} Qg2+ {[%clk 0:28:06]} 42. Kf5 {[%clk
1:11:21]} Qxh2 {[%clk 0:27:57]} 43. Qxa7 {[%clk 1:11:10]} Qc2+ {[%clk 0:24:23]}
44. Kg5 {[%clk 1:09:40]} Qg6+ {[%clk 0:24:42]} 45. Kf4 {[%clk 1:09:54]} Qe4+
{[%clk 0:25:03]} 46. Kg5 {[%clk 1:10:20]} d4 {[%clk 0:21:23]} 47. Qd7 {[%clk
1:10:09]} d3 {[%clk 0:20:25]} 48. a4 {[%clk 1:07:22]} Qe3+ {[%clk 0:04:03]} 49.
Kg4 {[%clk 1:04:58]} d2 {[%clk 0:03:54]} 50. Qf5+ {[%clk 1:04:55]} Kg8 {[%clk
0:04:19]} 51. Qc8+ {[%clk 0:49:44]} Kf7 {[%clk 0:04:47]} 52. Qd7+ {[%clk
0:49:09]} Kf6 {[%clk 0:05:14]} 53. Qd8+ {[%clk 0:49:34]} Ke5 {[%clk 0:04:48]}
0-1

[Event "DEM U18 2022"]
[Site "Willingen GER"]
[Date "2022.06.05"]
[Round "2"]
[White "Weishäutel, Moritz"]
[Black "Müller, Magnus"]
[Result "1-0"]
[Termination "normal"]
[Board "6"]
[WhiteTitle "FM"]
[WhiteElo "2407"]
[BlackElo "2034"]
[WhiteClock "00:33:56"]
[BlackClock "00:41:24"]
[PlyCount "81"]
[WhiteFideId "12967300"]
[BlackFideId "16230060"]
[EventCountry "GER"]
[EventRounds "9"]
[EventType "swiss"]
[EventDate "2022.06.04"]

1. e4 {[%clk 1:30:55]} c6 {[%clk 1:30:50]} 2. Nc3 {[%clk 1:31:19]} d5 {[%clk
1:31:15]} 3. Qf3 {[%clk 1:31:40]} dxe4 {[%clk 1:29:50]} 4. Nxe4 {[%clk
1:32:06]} Nf6 {[%clk 1:29:37]} 5. c3 {[%clk 1:32:33]} Nxe4 {[%clk 1:27:43]} 6.
Qxe4 {[%clk 1:32:51]} Qd5 {[%clk 1:25:55]} 7. Bd3 {[%clk 1:33:03]} Be6 {[%clk
1:18:59]} 8. Ne2 {[%clk 1:30:09]} Qxe4 {[%clk 1:18:43]} 9. Bxe4 {[%clk
1:30:33]} Bd5 {[%clk 1:19:08]} 10. d3 {[%clk 1:30:55]} Nd7 {[%clk 1:19:22]} 11.
Nf4 {[%clk 1:23:39]} Bxe4 {[%clk 1:19:34]} 12. dxe4 {[%clk 1:24:05]} Nc5 {[%clk
1:19:17]} 13. f3 {[%clk 1:17:39]} e5 {[%clk 1:19:42]} 14. Nh3 {[%clk 1:17:18]}
O-O-O {[%clk 1:16:21]} 15. Ke2 {[%clk 1:15:14]} f6 {[%clk 1:13:07]} 16. Nf2
{[%clk 1:10:39]} Be7 {[%clk 1:05:39]} 17. Be3 {[%clk 1:10:33]} Kc7 {[%clk
1:05:18]} 18. Rhd1 {[%clk 1:08:00]} b6 {[%clk 1:05:07]} 19. Nd3 {[%clk
1:04:28]} Nxd3 {[%clk 1:05:22]} 20. Rxd3 {[%clk 1:04:57]} Rxd3 {[%clk 1:05:45]}
21. Kxd3 {[%clk 1:05:22]} Rd8+ {[%clk 1:06:08]} 22. Ke2 {[%clk 1:04:56]} c5
{[%clk 1:06:22]} 23. h4 {[%clk 1:00:21]} Kc6 {[%clk 0:55:45]} 24. g4 {[%clk
0:56:23]} c4 {[%clk 0:54:58]} 25. g5 {[%clk 0:52:25]} Bc5 {[%clk 0:54:10]} 26.
Bxc5 {[%clk 0:49:54]} Kxc5 {[%clk 0:52:39]} 27. gxf6 {[%clk 0:50:10]} gxf6
{[%clk 0:53:05]} 28. Rg1 {[%clk 0:50:35]} Rd7 {[%clk 0:53:24]} 29. Rg8 {[%clk
0:50:38]} Rf7 {[%clk 0:49:30]} 30. h5 {[%clk 0:43:38]} b5 {[%clk 0:45:31]} 31.
h6 {[%clk 0:42:35]} Kd6 {[%clk 0:44:44]} 32. Ke3 {[%clk 0:37:51]} a5 {[%clk
0:40:45]} 33. Ra8 {[%clk 0:32:32]} a4 {[%clk 0:39:38]} 34. Ra6+ {[%clk
0:32:27]} Kc5 {[%clk 0:39:54]} 35. a3 {[%clk 0:32:40]} f5 {[%clk 0:39:29]} 36.
exf5 {[%clk 0:33:01]} Rxf5 {[%clk 0:39:56]} 37. Ra7 {[%clk 0:33:12]} Rh5 {[%clk
0:40:23]} 38. Rxh7 {[%clk 0:33:38]} Rh2 {[%clk 0:40:48]} 39. Rh8 {[%clk
0:33:52]} Kb6 {[%clk 0:40:57]} 40. h7 {[%clk 0:33:34]} Kc7 {[%clk 0:41:24]} 41.
Ra8 {[%clk 0:33:56]} 1-0

[Event "DEM U18 2022"]
[Site "Willingen GER"]
[Date "2022.06.05"]
[Round "2"]
[White "Boder, Jan"]
[Black "Weidemann, Jakob"]
[Result "0-1"]
[Termination "normal"]
[Board "7"]
[WhiteTitle "FM"]
[WhiteElo "2334"]
[BlackElo "2047"]
[WhiteClock "00:29:52"]
[BlackClock "00:28:51"]
[PlyCount "92"]
[WhiteFideId "16243226"]
[BlackFideId "16255470"]
[EventCountry "GER"]
[EventRounds "9"]
[EventType "swiss"]
[EventDate "2022.06.04"]

1. c4 {[%clk 1:30:56]} e5 {[%clk 1:30:52]} 2. g3 {[%clk 1:31:23]} c6 {[%clk
1:31:09]} 3. d4 {[%clk 1:26:13]} e4 {[%clk 1:27:34]} 4. d5 {[%clk 1:24:21]}
cxd5 {[%clk 1:23:40]} 5. cxd5 {[%clk 1:23:46]} Bb4+ {[%clk 1:15:34]} 6. Nc3
{[%clk 1:20:02]} Nf6 {[%clk 1:00:31]} 7. Qd4 {[%clk 1:12:36]} Qa5 {[%clk
0:49:24]} 8. Bg5 {[%clk 1:09:58]} Nxd5 {[%clk 0:45:33]} 9. Qxg7 {[%clk
1:03:09]} Rf8 {[%clk 0:43:42]} 10. Bd2 {[%clk 1:01:03]} Nc6 {[%clk 0:35:59]}
11. Rd1 {[%clk 0:55:54]} Nxc3 {[%clk 0:29:38]} 12. bxc3 {[%clk 0:55:02]} Be7
{[%clk 0:29:30]} 13. Qxh7 {[%clk 0:53:00]} d5 {[%clk 0:29:17]} 14. Bh3 {[%clk
0:50:17]} Bf6 {[%clk 0:23:50]} 15. Bxc8 {[%clk 0:49:12]} Rxc8 {[%clk 0:24:13]}
16. Qf5 {[%clk 0:49:02]} Ke7 {[%clk 0:24:33]} 17. c4 {[%clk 0:46:12]} Bc3
{[%clk 0:18:13]} 18. cxd5 {[%clk 0:43:35]} Bxd2+ {[%clk 0:16:36]} 19. Rxd2
{[%clk 0:42:47]} Rfd8 {[%clk 0:16:45]} 20. Qxe4+ {[%clk 0:41:50]} Kf8 {[%clk
0:15:31]} 21. Nf3 {[%clk 0:42:17]} Nd4 {[%clk 0:15:45]} 22. O-O {[%clk
0:18:02]} Nxf3+ {[%clk 0:16:05]} 23. Qxf3 {[%clk 0:18:28]} Qxd2 {[%clk
0:16:23]} 24. e4 {[%clk 0:18:55]} Qc3 {[%clk 0:14:14]} 25. Qf4 {[%clk 0:13:36]}
Re8 {[%clk 0:13:34]} 26. d6 {[%clk 0:13:01]} Re6 {[%clk 0:11:26]} 27. d7 {[%clk
0:08:28]} Rd8 {[%clk 0:11:18]} 28. Rc1 {[%clk 0:06:32]} Qe5 {[%clk 0:10:25]}
29. Qh4 {[%clk 0:03:58]} Rxd7 {[%clk 0:08:42]} 30. Rc8+ {[%clk 0:04:00]} Re8
{[%clk 0:09:03]} 31. Qh6+ {[%clk 0:04:22]} Kg8 {[%clk 0:09:22]} 32. Rxe8+
{[%clk 0:02:23]} Qxe8 {[%clk 0:09:43]} 33. Qg5+ {[%clk 0:02:51]} Kf8 {[%clk
0:09:49]} 34. Qh6+ {[%clk 0:01:55]} Ke7 {[%clk 0:09:31]} 35. h4 {[%clk
0:01:12]} Kd8 {[%clk 0:05:58]} 36. Qf4 {[%clk 0:01:41]} Qe6 {[%clk 0:05:16]}
37. h5 {[%clk 0:01:33]} f6 {[%clk 0:02:04]} 38. h6 {[%clk 0:01:33]} Qe5 {[%clk
0:01:23]} 39. Qg4 {[%clk 0:01:58]} Qg5 {[%clk 0:00:56]} 40. Qe6 {[%clk
0:02:09]} Qxh6 {[%clk 0:01:00]} 41. Qg8+ {[%clk 0:30:01]} Ke7 {[%clk 0:31:10]}
42. Qb3 {[%clk 0:30:22]} Qd2 {[%clk 0:30:01]} 43. Qa3+ {[%clk 0:30:17]} Ke8
{[%clk 0:28:02]} 44. Qxa7 {[%clk 0:29:03]} Qe1+ {[%clk 0:28:10]} 45. Kh2 {[%clk
0:29:23]} Rh7+ {[%clk 0:28:33]} 46. Kg2 {[%clk 0:29:52]} Qh1# {[%clk 0:28:51]}
0-1

[Event "DEM U18 2022"]
[Site "Willingen GER"]
[Date "2022.06.05"]
[Round "2"]
[White "Leonard, Timo"]
[Black "Pubantz, Jan"]
[Result "0-1"]
[Termination "normal"]
[Board "8"]
[WhiteElo "2018"]
[BlackElo "2260"]
[WhiteClock "00:00:49"]
[BlackClock "00:01:57"]
[PlyCount "70"]
[WhiteFideId "16208757"]
[BlackFideId "12996114"]
[EventCountry "GER"]
[EventRounds "9"]
[EventType "swiss"]
[EventDate "2022.06.04"]

1. d4 {[%clk 1:30:58]} d5 {[%clk 1:30:55]} 2. c4 {[%clk 1:31:24]} c6 {[%clk
1:31:22]} 3. cxd5 {[%clk 1:31:50]} cxd5 {[%clk 1:31:49]} 4. Bf4 {[%clk
1:32:15]} Nf6 {[%clk 1:30:15]} 5. e3 {[%clk 1:32:40]} Nc6 {[%clk 1:29:29]} 6.
Nc3 {[%clk 1:33:07]} Bg4 {[%clk 1:28:43]} 7. f3 {[%clk 1:32:30]} Bd7 {[%clk
1:27:46]} 8. Bd3 {[%clk 1:31:49]} e6 {[%clk 1:26:09]} 9. g4 {[%clk 1:27:43]}
Be7 {[%clk 1:25:21]} 10. Nge2 {[%clk 1:26:22]} O-O {[%clk 1:21:24]} 11. Kf2
{[%clk 1:07:42]} Ne8 {[%clk 1:18:46]} 12. Rc1 {[%clk 1:01:56]} Rc8 {[%clk
1:09:07]} 13. Bb1 {[%clk 0:52:14]} Nd6 {[%clk 0:59:06]} 14. h4 {[%clk 0:42:53]}
Nc4 {[%clk 0:53:34]} 15. h5 {[%clk 0:39:27]} Nb4 {[%clk 0:48:31]} 16. b3 {[%clk
0:27:54]} Na3 {[%clk 0:48:03]} 17. Bd3 {[%clk 0:26:56]} b5 {[%clk 0:42:10]} 18.
Nb1 {[%clk 0:17:03]} Qa5 {[%clk 0:33:34]} 19. g5 {[%clk 0:13:39]} Rxc1 {[%clk
0:27:07]} 20. Nxc1 {[%clk 0:13:11]} Rc8 {[%clk 0:25:30]} 21. Kg3 {[%clk
0:08:58]} Rxc1 {[%clk 0:10:22]} 22. Bxh7+ {[%clk 0:09:24]} Kxh7 {[%clk
0:10:36]} 23. Qxc1 {[%clk 0:09:39]} Nd3 {[%clk 0:09:49]} 24. Qf1 {[%clk
0:06:58]} Nxf4 {[%clk 0:09:46]} 25. exf4 {[%clk 0:07:22]} Kg8 {[%clk 0:06:56]}
26. Nxa3 {[%clk 0:02:27]} Qxa3 {[%clk 0:06:55]} 27. Qd3 {[%clk 0:02:34]} Qd6
{[%clk 0:04:15]} 28. g6 {[%clk 0:01:35]} Be8 {[%clk 0:03:48]} 29. gxf7+ {[%clk
0:01:09]} Bxf7 {[%clk 0:04:08]} 30. h6 {[%clk 0:00:53]} g5 {[%clk 0:02:56]} 31.
h7+ {[%clk 0:00:42]} Kh8 {[%clk 0:03:21]} 32. Qc3 {[%clk 0:00:46]} Qxf4+ {[%clk
0:02:27]} 33. Kf2 {[%clk 0:01:10]} Bf8 {[%clk 0:01:54]} 34. Qd3 {[%clk
0:00:33]} g4 {[%clk 0:01:44]} 35. Rh4 {[%clk 0:00:49]} g3+ {[%clk 0:01:57]} 0-1